On the color TV service bench / (Record no. 183420)
[ view plain ]
| 000 -LEADER | |
|---|---|
| fixed length control field | 00951 a2200193 4500 |
| 003 - CONTROL NUMBER IDENTIFIER | |
| control field | Nust |
| 005 - DATE AND TIME OF LATEST TRANSACTION | |
| control field | 20221228171640.0 |
| 020 ## - INTERNATIONAL STANDARD BOOK NUMBER | |
| International Standard Book Number | 0704200791 |
| 040 ## - CATALOGING SOURCE | |
| Transcribing agency | Nust |
| 082 ## - DEWEY DECIMAL CLASSIFICATION NUMBER | |
| Classification number | 621.38804,SHA |
| 100 ## - MAIN ENTRY--PERSONAL NAME | |
| Personal name | Jay Shane |
| 9 (RLIN) | 106267 |
| 245 ## - TITLE STATEMENT | |
| Title | On the color TV service bench / |
| Statement of responsibility, etc. | Jay shane |
| 260 ## - PUBLICATION, DISTRIBUTION, ETC. | |
| Place of publication, distribution, etc. | Blue Ridge Summit |
| Name of publisher, distributor, etc. | Pa., Tab Books |
| Date of publication, distribution, etc. | 1974 |
| 300 ## - PHYSICAL DESCRIPTION | |
| Extent | 190p |
| 505 ## - FORMATTED CONTENTS NOTE | |
| Formatted contents note | Unscrambling Brightness Problems (Page-7), Color Chassis Horizontal Problems (Page-25), The Horizontal Oscillator (Page-36), High Voltage Regulation (Page-51), Feedback HV Regulators (Page-63), Analyzing Vertical Problems (Page-77), Video And Chroma Amplifiers (Page-90), Color Sync (Page-103), Color Killer, Detector And Burst Amplifier (Page-115), Color Receiver Alignment (Page-141), The Alignment Procedure (Page-151), Troubleshooting With Alignment Gear (Page-170). |
| 600 ## - SUBJECT ADDED ENTRY--PERSONAL NAME | |
| Personal name | Jay Shane |
| 9 (RLIN) | 106267 |
| 650 ## - SUBJECT ADDED ENTRY--TOPICAL TERM | |
| Topical term or geographic name entry element | On the color TV service bench |
| 9 (RLIN) | 106268 |
| 942 ## - ADDED ENTRY ELEMENTS (KOHA) | |
| Source of classification or shelving scheme | |
| Koha item type | Book |
| Withdrawn status | Lost status | Source of classification or shelving scheme | Damaged status | Not for loan | Permanent Location | Current Location | Shelving location | Date acquired | Full call number | Barcode | Date last seen | Price effective from | Koha item type | Public note |
|---|---|---|---|---|---|---|---|---|---|---|---|---|---|---|
| Military College of Signals (MCS) | Military College of Signals (MCS) | General Stacks | 12/12/2016 | 621.38804,SHA | MCS6815 | 12/08/2016 | 12/12/2016 | Book | Almirah No.39, Shelf No.5 |
